| 000 | 00397nam a2200121Ia 4500 | ||
|---|---|---|---|
| 008 | 160609s9999 xx 000 0 und d | ||
| 100 | _aHeinza, W.C. | ||
| 245 | 4 | _aThe Top Of His Game: The Best Sportswriting Of W. C. Heinz | |
| 245 | _cBy:W. C. Heinz | ||
| 260 | _c2015 | ||
| 650 | _xWRITING FOR RADIO AND TELEVISION | ||
| 856 | _uhttp://file.ebook777.com/014/TheTopOfHisGamTheBesSpoOfW.C.Hei.rar | ||
| 999 |
_c295651 _d295651 |
||